Calculs de maths - Statistiques

Statistiques générales
  • Ce quiz a été pris 87 fois
  • Le résultat moyen est 4 sur 10
Statistiques - réponses
Question Réponse % Correct
exp(2x) + 2exp(x) + 1 = 0 impossible dans R
75%
Un tonneau de vin contient 40 litres de vin. Il n'est rempli qu'aux 2/5e. Quelle est sa contenance maximale ? 100
70%
La somme du double d'un nombre et du tiers de sa moitié fait 26. Quel est ce nombre ? 12
57%
La somme de 5 nombres entiers consécutifs fait 430. Quel est le premier de ces nombres ? 84
48%
Écris le nombre complexe (4-3i)(2-i) sous sa forme algébrique z=a+bi. 5-10i
39%
Une urne contient 8 boules : 3 boules blanches et 5 rouges. On tire une boule au hasard 3 fois de suite en la reposant dans l'urne à chaque fois. Quelle est la probabilité de tirer 3 boule rouges ? 125/512
34%
Le capitaine a 140 ans de moins que son bateau. Il y a 12 ans il avait le tiers de l'âge du bateau. Quel est l'âge du capitaine ? 82
34%
Le père noël prépare ses cadeaux sur son nuage. Il est en colère car il a perdu 1/17e des cadeaux ! Néanmoins il lui en reste 8 750 320. Combien lui en manque t-il ? 546895
31%
f est une fonction strictement croissante et continue sur un intervalle I. alpha est un nombre appartenant à f(I). Combien l'équation f(x) = alpha possède t-elle de solutions sur l'intervalle I ? au moins une solution
17%
Quel est le chiffre des unités de 2008^2008 ? 6
13%
Aucun quiz correspondant
Distribution des résultats
% des personnes avec chaque résultat
Percentile par nombre de réponses
Votre historique - résultats
Vous n’avez pas pris ce quiz